000 00439nam a2200193Ia 4500
005 20251020182541.0
008 200515s9999 xx 000 0 und d
082 _a741/G47/1992
100 _aGIESECKE, Frederick MITCHELL, Alva
245 0 _aDibujo técnico
250 _a6a ed.
260 _aMéxico, D.F.
260 _c1992
300 _a983
500 _a1 ejemplar
650 _aDIBUJO TECNICO
650 _aLIB
942 _cLIB
999 _c2407
_d2407